Microbiology for the healthcare professional / (Record no. 23723)
[ view plain ]
| 000 -LEADER | |
|---|---|
| fixed length control field | 01836cam a22003015a 4500 |
| 001 - CONTROL NUMBER | |
| control field | 18739855 |
| 005 - DATE AND TIME OF LATEST TRANSACTION | |
| control field | 20161225110647.0 |
| 008 - FIXED-LENGTH DATA ELEMENTS--GENERAL INFORMATION | |
| fixed length control field | 150810t2016 moua frbd 001 0 eng d |
| 020 ## - INTERNATIONAL STANDARD BOOK NUMBER | |
| International Standard Book Number | 9780323320924 |
| 020 ## - INTERNATIONAL STANDARD BOOK NUMBER | |
| International Standard Book Number | 0323320929 |
| 040 ## - CATALOGING SOURCE | |
| Original cataloging agency | DNLM/DLC |
| Language of cataloging | eng |
| Transcribing agency | DLC |
| Modifying agency | DLC |
| -- | EG-ScBUE |
| 082 04 - DEWEY DECIMAL CLASSIFICATION NUMBER | |
| Classification number | 616.9041 |
| Edition number | 22 |
| Item number | VAN |
| 100 1# - MAIN ENTRY--PERSONAL NAME | |
| Personal name | VanMeter, Karin. |
| 245 10 - TITLE STATEMENT | |
| Title | Microbiology for the healthcare professional / |
| Statement of responsibility, etc | Karin C. VanMeter, Robert J. Hubert. |
| 250 ## - EDITION STATEMENT | |
| Edition statement | 2nd ed. |
| 260 ## - PUBLICATION, DISTRIBUTION, ETC. (IMPRINT) | |
| Place of publication, distribution, etc | St. Louis : |
| Name of publisher, distributor, etc | Elsevier, |
| Date of publication, distribution, etc | c.2016. |
| 300 ## - PHYSICAL DESCRIPTION | |
| Extent | viii, 532 p. : |
| Other physical details | ill. ; |
| Dimensions | 28 cm. |
| 500 ## - GENERAL NOTE | |
| General note | Glossary : p. 493-508. |
| 500 ## - GENERAL NOTE | |
| General note | Index : p. 509-532. |
| 504 ## - BIBLIOGRAPHY, ETC. NOTE | |
| Bibliography, etc | Includes bibliographical references. |
| 505 0# - FORMATTED CONTENTS NOTE | |
| Formatted contents note | Scope of microbiology -- Chemistry of life -- Cell structure and function -- Bacteria and archaea -- Viruses -- Eukaryotic microorganisms -- Physical and chemical methods of control -- Microbiological laboratory techniques -- Microbiological laboratory safety issues -- Pharmacology -- Antimicrobial drugs -- Infection and disease -- The immune response and lymphatic system -- Infections of the integumentary system, soft tissue, and musculoskeletal system -- Infections of the respiratory system -- Infections of the gastrointestinal system -- Infections of the nervous system and sensory structures senses -- Infections of the cardiovascular/ circulatory system -- Infections of the urinary system -- Infections of the reproductive system -- Sexually transmitted infections/diseases -- Human age and microorganisms -- Microorganisms in the environment and effects on human health -- Emerging infectious diseases -- Biotechnology. |
| 650 #7 - SUBJECT ADDED ENTRY--TOPICAL TERM | |
| Topical term or geographic name as entry element | Medical microbiology. |
| Source of heading or term | BUEsh |
| 9 (RLIN) | 12324 |
| 650 #7 - SUBJECT ADDED ENTRY--TOPICAL TERM | |
| Topical term or geographic name as entry element | Microbiology. |
| 9 (RLIN) | 23968 |
| Source of heading or term | BUEsh |
| 651 ## - SUBJECT ADDED ENTRY--GEOGRAPHIC NAME | |
| Source of heading or term | BUEsh |
| 653 ## - INDEX TERM--UNCONTROLLED | |
| Resource For college | Nursing |
| Arrived date list | December2016 |
| 700 1# - ADDED ENTRY--PERSONAL NAME | |
| Personal name | Hubert, Robert J. |
| 942 ## - ADDED ENTRY ELEMENTS (KOHA) | |
| Source of classification or shelving scheme | Dewey Decimal Classification |
| Withdrawn status | Item status | Source of classification or shelving scheme | Damaged status | Not for loan | Vendor | Home library | Current library | Shelving location | Date acquired | Source of acquisition | Cost, normal purchase price | Serial Enumeration / chronology | Total Checkouts | Full call number | Barcode | Date last seen | Date last borrowed | Cost, replacement price | Koha item type | Total Renewals |
|---|---|---|---|---|---|---|---|---|---|---|---|---|---|---|---|---|---|---|---|---|
| Dewey Decimal Classification | ايمك | Central Library | Central Library | First floor | 25/12/2016 | Purchase | 907.00 | 3397 | 1 | 616.9041 VAN | 000040569 | 15/07/2025 | 11/02/2020 | 1133.75 | Book - Borrowing | |||||
| Dewey Decimal Classification | ايمك | Central Library | Central Library | First floor | 25/12/2016 | Purchase | 907.00 | 3397 | 1 | 616.9041 VAN | 000040570 | 15/07/2025 | 27/03/2019 | 1133.75 | Book - Borrowing | 2 |